Vikingové /

Hlavní autor: Crummenerl, Rainer, 1942-
Další autoři: Christoph, Silvia, 1950-
Jazyk: Čeština
Vydáno: Praha : Thovt, c2006
Edice: První čtení s poučením (Thovt)
Témata:
Fyzický popis: 56, [4] s. : barev. il. ; 22 cm
Knihy
Uloženo v:
LEADER 01724nam a2200493 a 4500
001 nkc20061698051
003 CZ PrNK
005 20070131135729.0
007 ta
008 061116s2006 xr a c 000 j cze
015 |a cnb001698051 
020 |a 80-86969-26-6  |q (váz.) 
035 |a (OCoLC)85723533 
040 |a OLA001  |b cze  |d ABA001 
041 1 |a cze  |h ger 
072 7 |a 94(4)  |x Dějiny Evropy  |2 Konspekt  |9 8 
072 7 |a 821-93  |x Literatura pro děti a mládež (beletrie)  |2 Konspekt  |9 26 
080 |a 821-93  |2 MRF 
080 |a (=113)  |2 MRF 
080 |a (0:82-32)  |2 MRF 
080 |a (0.062)  |2 MRF 
100 1 |a Crummenerl, Rainer,  |d 1942-  |7 mzk2006331683  |4 aut 
245 1 0 |a Vikingové /  |c Ranier [i.e. Rainer] Crummenerl ; ilustrovala Silvia Christophová ; [překlad Barbora Molnárová] 
260 |a Praha :  |b Thovt,  |c c2006 
300 |a 56, [4] s. :  |b barev. il. ;  |c 22 cm 
490 1 |a První čtení s poučením 
500 |a Přeloženo z němčiny 
521 8 |a Pro čtenáře od 8 let 
650 0 7 |a Vikingové  |7 ph118182  |2 czenas 
650 0 9 |a Vikings  |2 eczenas 
655 7 |a příběhy  |7 fd133204  |2 czenas 
655 7 |a populárně-naučné publikace  |7 fd131864  |2 czenas 
655 7 |a publikace pro děti  |7 fd133156  |2 czenas 
655 9 |a stories  |2 eczenas 
655 9 |a popular works  |2 eczenas 
655 9 |a children's literature  |2 eczenas 
700 1 |a Christoph, Silvia,  |d 1950-  |7 mzk2006331684  |4 ill 
765 0 |t Leselöwen Wikinger-Wissen  |9 Česky 
830 0 |a První čtení s poučením (Thovt)  |0 s 
910 2 |a BOA001  |b 2-1177.406 
990 |a BK 
995 |a 01 
991 |b 200612 
996 6 |b 2610295068  |c 2-1177.406  |l MZK  |r Sklad / do 1 hodiny  |n 4  |p p.v.  |w 000833638  |u 000010  |a 1  |e BOA001  |j MZK50  |s P